书目信息 |
| 题名: |
两大迷梦
|
|
| 作者: | 刘兴良 编著 | |
| 分册: | ||
| 出版信息: | 北京 科学普及出版社 1999.08 |
|
| 页数: | 227页 | |
| 开本: | 32开 | |
| 丛书名: | ||
| 单 册: | ||
| 中图分类: | B917-49 | |
| 科图分类: | ||
| 主题词: | 无神论 | |
| 电子资源: | ||
| ISBN: | 7-110-04624-9 | |
| 000 | 00543nam0 2200193 45 | |
| 001 | 0010241896 | |
| 005 | 20001024184455.8 | |
| 010 | @a7-110-04624-9@d10.00元 | |
| 100 | @a20001024d1999 km y0chiy0120 ea | |
| 101 | 0 | @achi |
| 105 | @a z 000yy | |
| 200 | 1 | @a两大迷梦@ALiang Da Mi Meng@f刘兴良等编著@FLiu Xing Liang Deng Bian Zhu |
| 210 | @a北京@c科学普及出版社@d1999.08 | |
| 215 | @a227页@d32开 | |
| 606 | 0 | @a无神论 |
| 690 | @aB917-49@v3 | |
| 701 | 0 | @a刘兴良@4编著 |
| 801 | @aCN@bPftUser@c20001024 | |
| 905 | @b186795-799@dB917-49@eL464@f5 | |
| 两大迷梦/刘兴良等编著.-北京:科学普及出版社,1999.08 |
| 227页;32开 |
| ISBN 7-110-04624-9:10.00元 |
| ● |
| 相关链接 |
|
|
|
正题名:两大迷梦
索取号:B917-49/L464
 
预约/预借
| 序号 | 登录号 | 条形码 | 馆藏地/架位号 | 状态 | 备注 |
| 1 | 186795 | 201867952 | 自科二线400A/509社科库 52排9列1层/ [索取号:B917-49/L464] | 在馆 | |
| 2 | 186796 | 201867961 | 自科二线400A/400A自科库 11排3列4层/ [索取号:B917-49/L464] | 在馆 | |
| 3 | 186797 | 201867970 | 自科二线400A/400A自科库 11排3列4层/ [索取号:B917-49/L464] | 在馆 | |
| 4 | 186798 | 201867989 | 自科二线400A/400A自科库 11排3列4层/ [索取号:B917-49/L464] | 在馆 | |
| 5 | 186799 | 201867998 | 自科二线400A/400A自科库 11排3列4层/ [索取号:B917-49/L464] | 在馆 |